"A" Road End Points UK #8 - Statistics

General Stats
  • This quiz has been taken 16 times
  • The average score is 11 of 20
Answer Stats
Road Number Placename % Correct
A90 Start Edinburgh
100%
A81 Start Glasgow
100%
A82 Start Glasgow
100%
A89 Start Glasgow
100%
A85 End Dundee
83%
A82 End Inverness
83%
A85 Start Oban
58%
A84 Start Stirling
58%
A90 End Fraserburgh
42%
A86 End Kingussie
42%
A86 Start Spean Bridge
42%
A83 Start Tarbet
42%
A87 End Uig
42%
A81 End Callander
33%
A83 End Campbeltown
33%
A87 Start Invergarry
33%
A84 End Lochearnhead
33%
A89 End Newbridge
33%
A88 Start Larbert
17%
A88 End Stenhousemuir
8%
No matching quizzes found
Score Distribution
Percent of People with Each Score
Percentile by Number Answered
Your Score History
You have not taken this quiz